00683nam a22002177a 450000500170000000800410001702000180005804000270007604100080010304400070011108200200011810000400013824501090017826000500028730000160033765000090035365000190036265000300038165000300041170000240044120180803170357.0170309b xxu||||| |||| 00| 0 spa d a9789589870112 aCO-BoIAVH cCO-BoIAVH  aspa ack a598.09861bC56p aCifuentes Sarmiento- Yaniraeeditor14aPlanes de acción para nueve especies de Aves acuáticas(marinas y playeras) de las costas Colombianas aCali Colombia:bAsociación calidris,c2009. a128 paginas14aAves14aConservación14aDescripción de especies14aMedidas de conservación aRuiz Guerra, Carlos